|
|
|
|
| LEADER |
00958nam a2200325 4500 |
| 001 |
DLU030022980 |
| 005 |
##20020311154416.0 |
| 008 |
##010706s2002 enka b 001 0 eng |
| 010 |
# |
# |
|a 2001036528
|
| 020 |
# |
# |
|a 0333968689
|
| 040 |
# |
# |
|a DLC
|c DLC
|d DLC
|
| 042 |
# |
# |
|a pcc
|
| 050 |
# |
# |
|a HG1615
|b .B75 2002
|
| 082 |
# |
# |
|a 368.106 81
|b BR-G
|
| 100 |
# |
# |
|a Brink, Gerrit Jan van den,
|d 1968-
|
| 245 |
# |
# |
|a Operational risk :
|b the new challenge for banks /
|c Gerrit Jan van den Brink.
|
| 260 |
# |
# |
|a Houndmills, Basingstoke, Hampshire ;
|a New York :
|b Palgrave,
|c 2002.
|
| 300 |
# |
# |
|a xvi, 156 p. :
|b ill. ;
|c 23 cm.
|
| 504 |
# |
# |
|a Includes bibliographical references (p. 153-154) and index.
|
| 650 |
# |
# |
|a Bank management.
|
| 650 |
# |
# |
|a Risk management.
|
| 992 |
# |
# |
|a 97.50
|
| 994 |
# |
# |
|a DLU
|
| 900 |
# |
# |
|a True
|
| 911 |
# |
# |
|a Lê Thị Mạnh Xuân
|
| 925 |
# |
# |
|a G
|
| 926 |
# |
# |
|a A
|
| 927 |
# |
# |
|a SH
|
| 980 |
# |
# |
|a Thư viện Trường Đại học Đà Lạt
|